| 000 | 00679cam a2200193 a 4500 | ||
|---|---|---|---|
| 001 | 000005631 | ||
| 005 | 20200929151728.0 | ||
| 008 | 960119s1994 ck b 000 0 spa | ||
| 040 |
_aDO-SdBNP _bspa _cBNPHU |
||
| 082 |
_a338.986 _bS237c |
||
| 100 | 1 |
_aSantos, Juan Manuel, _d1951 - _915900 |
|
| 245 | 1 | 0 |
_aColombia sin fronteras / _cJuan Manuel Santos. |
| 260 |
_aColombia : _bRepública de Colombia, Ministerio de Comercio Exterior, _c1994. |
||
| 300 |
_a389 p. ; _c21 cm. |
||
| 651 | 4 |
_aColombia _xComercio _915901 |
|
| 651 | 4 |
_aColombia _xPolítica Comercial _915902 |
|
| 651 | 4 |
_aColombia _xRelaciones Económicas Exteriores _915903 |
|
| 650 | 4 |
_aApertura económica _zColombia _915904 |
|
| 999 |
_c5430 _d5430 |
||